| 000 | 00841nam a2200205 i 4500 | ||
|---|---|---|---|
| 001 | 27713 | ||
| 003 | ES-MaACL | ||
| 005 | 20251014063058.0 | ||
| 007 | t| | ||
| 008 | 030115s1921 sp ||||1| spa d | ||
| 100 | 1 |
_aAzcárate, Pablo de, _d1890-1971 _924248 |
|
| 245 | 1 | 3 |
_aLa guerra y los servicios públicos de caracter industrial / _cpor Pablo de Azcárate y Florez. |
| 260 |
_aMadrid : _bJunta para Ampliación de Estudios e Investigaciones Científicas, _c1921 ( _fTip. Rev. Archivos y Bibliotecas y Museos) |
||
| 300 |
_a102 p. ; _c24 cm. |
||
| 505 | 8 | _aContiene: V. I: El régimen ferroviario inglés y la guerra | |
| 710 | 2 |
_aJunta para la Ampliación de Estudios e Investigaciones Científicas. _95413 |
|
| 740 | 3 | _aEl régimen ferroviario inglés y la guerra. | |
| 852 |
_aES-MaACL _jB-13360 |
||
| 999 |
_c27713 _d27713 |
||